| 000 | 00577nam a2200217 a 4500 | ||
|---|---|---|---|
| 001 | BRCA_7295 | ||
| 005 | 20190320205801.0 | ||
| 008 | 190412s1905----gw-#######---#000-0#ger-# | ||
| 041 | _ager | ||
| 044 | _agw | ||
| 050 | 4 |
_aPT2526 _b.S45 1905 |
|
| 100 | 1 |
_aSeidel, Heinrich _d1842-1906 _916332 |
|
| 245 | 1 | 0 |
_aLeberecht Hühnchen _cvon Heinrich Seidel. |
| 250 | _a3 | ||
| 260 |
_aStuttgart ; Berlín _bJ. G. Cotta´sche Buchhandlung Nachfolger _c1905 |
||
| 300 |
_a342 p. _c20 cm. |
||
| 500 | _aI83 | ||
| 650 | 1 | 4 |
_aLiteratura Alemana _96160 |
| 902 | _aGFM | ||
| 942 |
_2lcc _cB |
||
| 999 |
_c6971 _d6971 |
||